Online family : (Record no. 16662)
[ view plain ]
| 000 -LEADER | |
|---|---|
| fixed length control field | 00684cam a2200241 a 4500 |
| 020 ## - INTERNATIONAL STANDARD BOOK NUMBER | |
| ISBN | 0471195731 (paper : alk. paper) |
| 020 ## - INTERNATIONAL STANDARD BOOK NUMBER | |
| ISBN | 0471298077 (cloth : alk. paper) |
| 040 ## - CATALOGING SOURCE | |
| Transcribing agency | DLC |
| 082 00 - DEWEY DECIMAL CLASSIFICATION NUMBER | |
| Classification number | 025 WIL 1998 A002 Or. |
| 100 1# - MAIN ENTRY--AUTHOR NAME | |
| Personal name | Gralla, Preston |
| 245 10 - TITLE STATEMENT | |
| Title | Online family : |
| Remainder of title | your guide to fun and discovery in cyberspace / |
| 260 ## - PUBLICATION, DISTRIBUTION, ETC. (IMPRINT) | |
| Place of publication | New York : |
| Name of publisher | Wiley, |
| Year of publication | c1998 |
| 300 ## - PHYSICAL DESCRIPTION | |
| Number of Pages | xii, 354 p. : |
| Other physical details | ill., map ; |
| Dimensions | 24 cm |
| 500 ## - GENERAL NOTE | |
| General note | Includes index |
| 650 #0 - SUBJECT ADDED ENTRY--TOPICAL TERM | |
| Topical Term | Families |
| 650 #0 - SUBJECT ADDED ENTRY--TOPICAL TERM | |
| Topical Term | Family recreation |
| 650 #0 - SUBJECT ADDED ENTRY--TOPICAL TERM | |
| Topical Term | Home economics |
| 650 #0 - SUBJECT ADDED ENTRY--TOPICAL TERM | |
| Topical Term | Consumer education |
| 650 #0 - SUBJECT ADDED ENTRY--TOPICAL TERM | |
| Topical Term | Computers and families |
| 650 #0 - SUBJECT ADDED ENTRY--TOPICAL TERM | |
| Topical Term | World Wide Web |
| 650 #0 - SUBJECT ADDED ENTRY--TOPICAL TERM | |
| Topical Term | Internet |
| 942 ## - ADDED ENTRY ELEMENTS (KOHA) | |
| Koha item type | សៀវភៅភាសាអង់គ្លេស |
| 952 ## - LOCATION AND ITEM INFORMATION (KOHA) | |
| Withdrawn status [LOCAL, KOHA] | 0 |
| Permanent Location | Date acquired | Koha item type | Lost status | Shelving location | Barcode | Current Location | Full call number |
|---|---|---|---|---|---|---|---|
| Library Block A | 2018-03-21 | សៀវភៅភាសាអង់គ្លេស | A002 | A14447 | Library Block A | 025 WIL 1998 A002 Or. |